<?xml version="1.0" encoding="UTF-8"?>
<collection xmlns="http://www.loc.gov/MARC21/slim">
 <record>
  <leader>00640nam a22001455a 4500</leader>
  <controlfield tag="001">EUN.um023631</controlfield>
  <controlfield tag="003">AR-BaUNS</controlfield>
  <controlfield tag="005">20050623122902.0</controlfield>
  <controlfield tag="008">041125s1983####ag############000#0#spa#d</controlfield>
  <datafield tag="245" ind1="1" ind2="0">
   <subfield code="a">Curso latinoamericano de formación y capacitación de funcionarios del ámbito público y privado con responsabilidad en la gestión y administración... /</subfield>
   <subfield code="c">Subsecretaría de ciencia y tecnología.</subfield>
  </datafield>
  <datafield tag="260" ind1=" " ind2=" ">
   <subfield code="a">Buenos Aires :</subfield>
   <subfield code="b">Subsecretaría de ciencia y tecnología,</subfield>
   <subfield code="c">1983.</subfield>
  </datafield>
  <datafield tag="300" ind1=" " ind2=" ">
   <subfield code="a">257 p.</subfield>
  </datafield>
  <datafield tag="082" ind1="0" ind2="4">
   <subfield code="a">378.998</subfield>
  </datafield>
  <datafield tag="110" ind1="2" ind2=" ">
   <subfield code="a">Subsecretaría de ciencia y tecnología</subfield>
   <subfield code="c">Argentina.</subfield>
  </datafield>
  <datafield tag="859" ind1=" " ind2=" ">
   <subfield code="a">Ar-BaUNS</subfield>
   <subfield code="b">BIB. CENTRAL - Sector C</subfield>
   <subfield code="h">378.998</subfield>
   <subfield code="i">Ar37</subfield>
   <subfield code="p">91077/984</subfield>
  </datafield>
 </record>
</collection>
